Política fiscal y crecimiento estable / (Record no. 78755)

MARC details
000 -LEADER
campo de control de longitud fija 00682nam a2200217 i 4500
001 - NÚMERO DE CONTROL
campo de control 78755
003 - IDENTIFICADOR DE NÚMERO DE CONTROL
campo de control ES-MaACL
005 - FECHA Y HORA DE LA ÚLTIMA TRANSACCIÓN
campo de control 20230906173814.0
007 - CAMPO FIJO DE DESCRIPCIÓN FÍSICA--INFORMACIÓN GENERAL
campo de control de longitud fija t|
008 - DATOS DE LONGITUD FIJA--INFORMACIÓN GENERAL
campo de control de longitud fija 041015s1964 sp ||||1| spa d
100 1# - ENTRADA PRINCIPAL--NOMBRE DE PERSONA
Nombre de persona Hall, Challis A.
9 (RLIN) 61559
245 10 - MENCIÓN DEL TÍTULO
Título Política fiscal y crecimiento estable /
Mención de responsabilidad, etc. Challis A. Hall ; traducido por José Alberto Blanco Losada ; prólogo de Emilio de Figueroa.
260 ## - PUBLICACIÓN, DISTRIBUCIÓN, ETC.
Lugar de publicación, distribución, etc. Bilbao :
Nombre del editor, distribuidor, etc. Deusto,
Fecha de publicación, distribución, etc. 1964.
300 ## - DESCRIPCIÓN FÍSICA
Extensión 402 p. ;
Dimensiones 21 cm.
490 1# - MENCIÓN DE SERIE
Mención de serie Economía
700 1# - ENTRADA AGREGADA--NOMBRE PERSONAL
Nombre de persona Blanco Losada, Alberto.
9 (RLIN) 29271
700 1# - ENTRADA AGREGADA--NOMBRE PERSONAL
Nombre de persona Figueroa, Emilio de.
9 (RLIN) 50780
830 0# - PUNTO DE ACCESO ADICIONAL DE SERIE-TÍTULO UNIFORME
Título uniforme Economía
9 (RLIN) 177792
852 ## - LOCALIZACIÓN
Ubicación ES-MaACL
Número de control de estantería C-25962
Sublocalización o colección R.54713
Holdings
Estatus retirado Estado de pérdida Estado de daño No para préstamo Biblioteca de origen Biblioteca actual Ubicación en estantería Fecha de adquisición Fuente de adquisición Total de préstamos Signatura topográfica completa Código de barras Visto por última vez Precio de reemplazo Tipo de ítem Koha
        Biblioteca del Ateneo de Madrid Biblioteca del Ateneo de Madrid Depósito 2 17/01/2008     C-25962 1082366 23/02/2023 23/02/2023 Libro impreso